000 00550nam a22001937a 4500
003 DO-SdBNP
005 20210921120211.0
007 ta
008 210921b 2018 dr 00| 0 eng d
040 _aDO-SdBNP
_bspa
_cBNPHU
082 4 _aBNPHU
100 1 _aPérez Brea Juan Ramón
_955550
245 1 _aPreparado para la desilusión /
_cJuan Ramón Pérez Brea
260 _aSanto Domingo :
_bs.n.,
_c2018.
300 _a106 p. ;
_c21 cm.
500 _aIncluye datos biográficos del autor en la contracubierta
910 _aBtavárez
942 _2ddc
_cLBS1
999 _c50604
_d50604